Дело об учреждении на счет суммы Министерства народного просвещения 150 стипендий в университетах: Казанском, Харьковском и Моск...

Доступно только в Электронных читальных залах Найти на картеНа карте
RUSMARC
00003909nmc2a22000003x 450
0010ce57aaa-c1ce-4b3e-b5e6-14fb40801397
00520180703003706.0
100##$a20160408l18621871k l0rusy0189 ca
1010#$arus
102##$aRU
2001#$aДело об учреждении на счет суммы Министерства народного просвещения 150 стипендий в университетах: Казанском, Харьковском и Московском, и о назначении на эти стипендии бывших студентов филологического и юридического факультетов Санкт-Петербургского университета
$j14 июня 1862 г. - 30 июня 1871 г.
251##$cДело
300##$aДело
801#0$aRU
$bРГИА
$c20160408
$gRCR
801#1$aRU
$bГлавНИВЦ
$c20160408
$2rusmarc
801#2$aRU
$bПБ им. Б.Н. Ельцина
$c20180703
$gRCR
$2rusmarc
850##$aРГИА
852##$aРГИА
$eФедеральное казенное учреждение "Российский государственный исторический архив" (РГИА)
$j60
937##$hРГИА
$d12194043
$aASBIBLIO_SCAN
462#0$100175ee99a9-5750-4f16-9283-bc673fb37de8
$12001
$aДела разряда высших учебных заведений Департамента народного просвещения за 1838-1872 гг.
$1251
$cОпись
$1852
$j147
461#0$1001a74412a3-3cc5-4d21-8f0a-dfe2fbd9e72d
$12001
$aДепартамент народного просвещения Министерства народного просвещения (1803-1917)
$1251
$cФонд
$1852
$j733
215##$a250 л.
$d36,5х26 см
371##$aДокумент не является опубликованным и широко распространяемым
105##$ay###
1222#$ad
035##$a0ce57aaa-c1ce-4b3e-b5e6-14fb40801397
856##$uhttp://readingroom.main.prlib.ru/item.aspx?id_node=n116606758&mode=full
Формат отображения